00350nam a2200133 a 45000010010000000030011000100080041000210350026000620820014000881000023001022450030001252600037001556500024001920000-9391ELIB.Books110520 1984  a(ELIB.Books)0000-9543 a268 bCol aColeman, Lucien E. aWhy the Church Must Teach bNashville: Broadman Press c1984 aChristian Education